Часть четвертая; Судебные уставы 20 ноября 1864 года

Xehetasun bibliografikoak
Parent link:Судебные уставы 20 ноября 1864 года: в 5 ч..— , 1866-1867
Gaia:Заглавие с титульного экрана
Электронная версия печатной публикации
Hizkuntza:errusiera
Argitaratua:
Gaiak:
Sarrera elektronikoa:http://www.lib.tpu.ru/fulltext/m/2009/consultant/Sudeb_Ustav_Part4.pdf
Formatua: MixedMaterials Baliabide elektronikoa Liburua
KOHA link:https://koha.lib.tpu.ru/cgi-bin/koha/opac-detail.pl?biblionumber=158922

MARC

LEADER 00000nlm2a2200000 4500
001 158922
005 20231101222054.0
035 |a (RuTPU)RU\TPU\book\172362 
035 |a RU\TPU\book\172359 
090 |a 158922 
100 |a 20090429d1867 k y0rusy50 ca 
101 0 |a rus 
102 |a RU 
105 |a y z 000zy 
135 |a vrcn ---uucaa 
181 0 |a i  
182 0 |a b 
200 0 |a Часть четвертая  |b Электронный ресурс 
203 |a Текст  |c электронный 
230 |a 1 компьютерный файл (pdf; 106841 KB) 
300 |a Заглавие с титульного экрана 
300 |a Электронная версия печатной публикации 
337 |a Adobe Reader 
461 1 |0 (RuTPU)RU\TPU\book\172348  |t Судебные уставы 20 ноября 1864 года  |o в 5 ч.  |h Ч. 4  |d 1866-1867 
606 1 |a Судебные процессы в России  |z 19 в.  |2 stltpush  |3 (RuTPU)RU\TPU\subj\58070  |9 75909 
610 1 |a судебные уставы 
610 1 |a уставы 
610 1 |a наказание 
610 1 |a мировые судьи 
610 1 |a нарушения 
610 1 |a электронный ресурс 
686 |a Х2(2)5  |v LBC/SL-A  |2 rubbk 
801 2 |a RU  |b 63413507  |c 20090525  |g PSBO 
856 4 |u http://www.lib.tpu.ru/fulltext/m/2009/consultant/Sudeb_Ustav_Part4.pdf 
942 |c CF